000 01422nam a2200337 i 4500
003 DO-SdBNP
005 20250509110840.0
007 ta
008 250509b2024 dr b|||| |||| 00| 0 spa d
020 _a9789945634303
040 _aDO-SdBNP
_bspa
_cBNPHU
_erda
082 4 _axxx
_bxxx
_222
110 _aInstituto Nacional de Migración de la Republica Dominicana
_987228
245 0 0 _aMercado de trabajo agrícola e inmigración :
_btrabajadores agrícolas inmigrantes en los cultivos de arroz, plátano y habichuela en República Dominicana /
_cWilfredo Lozano, Germanía Estévez, Juan Montero, Anderson Santana y Angeline Molina ; corrección, Aimara Vera
250 _aPrimera edición
264 4 _aSanto Domingo :
_bInstituto Nacional de Migración de la República Dominicana,,
_c©2024.
300 _a231 páginas :
_bmapas ;
_c25 cm.
336 _atexto
_btxt
_2rdacontent
337 _asin mediación
_bn
_2rdamedia
338 _avolumen
_bnc
_2rdacarrier
504 _aBibliografía : páginas 227-231
590 _aInventariado, 2025/BT
700 1 _aLozano, Wilfredo,
_eautor
_4aut.
_981507
700 1 _aEstévez, Germania,
_eautor
_4aut.
_980379
700 1 _aMontero, Juan,
_eautor
_4aut.
_974731
700 1 _aSantana, Anderson,
_eautor
_4aut.
_987718
700 1 _aMolina, Angeline,
_eautor
_4aut.
_987719
700 1 _aVera, Aimara,
_ecorrección
_4corr.
_977925
910 _aBtavárez
942 _2ddc
_cLBS1
999 _c58455
_d58455